[Event "Remembrance Day op"]
[Site "Winnipeg CAN"]
[Date "2002.11.08"]
[Round "1.7"]
[White "Tang, Edward"]
[Black "Pottinger, Carl"]
[Result "1-0"]
[WhiteElo "1827"]
[BlackElo "1521"]
[PlyCount "117"]
[EventDate "2002.11.08"]
[EventType "swiss"]
[EventRounds "5"]
[EventCountry "CAN"]

1. e4 c5 2. Nf3 d6 3. d4 cxd4 4. Nxd4 Nf6 5. Nc3 g6 6. Be3 Bg7 7. f3 Nc6 8. Qd2
O-O 9. O-O-O d5 10. Qe1 Be6 11. Nxe6 fxe6 12. Kb1 Qa5 13. exd5 exd5 14. Nxd5
Qxe1 15. Nxf6+ exf6 16. Rxe1 a5 17. Bc4+ Kh8 18. Bc5 Rfc8 19. Be6 Re8 20. Bd7
Red8 21. Bxc6 bxc6 22. Be3 f5 23. Rd1 Rdb8 24. Bd4 Rb5 25. Bxg7+ Kxg7 26. Rd7+
Kh6 27. Re1 Rab8 28. b3 R8b7 29. Rxb7 Rxb7 30. Re6 Rc7 31. a4 Kg5 32. Re5 c5
33. Kb2 Kf4 34. Rd5 h5 35. Kc3 g5 36. Kc4 Re7 37. Rxc5 Re2 38. Kb5 Rxg2 39. b4
Kxf3 40. bxa5 Rxh2 41. a6 Re2 42. Rxf5+ Kg4 43. Rf8 Re7 44. Kb6 Re6+ 45. Kb7
Re7+ 46. Kb8 Re4 47. a7 Rb4+ 48. Kc7 Rxa4 49. a8=Q Rxa8 50. Rxa8 h4 51. c4 h3
52. c5 h2 53. Rh8 Kg3 54. c6 Kg2 55. Kd6 h1=Q 56. Rxh1 Kxh1 57. c7 g4 58. c8=Q
g3 59. Qh3+ 1-0

[Event "Remembrance Day op"]
[Site "Winnipeg CAN"]
[Date "2002.11.08"]
[Round "1.8"]
[White "Hogeveen Rutter, Alexander"]
[Black "Katona, John"]
[Result "1/2-1/2"]
[WhiteElo "1489"]
[BlackElo "1823"]
[PlyCount "117"]
[EventDate "2002.11.08"]
[EventType "swiss"]
[EventRounds "5"]
[EventCountry "CAN"]
[Source "ChessBase"]
[SourceDate "2003.11.25"]

1. e4 c5 2. Nf3 d6 3. d4 cxd4 4. Nxd4 Nf6 5. Nc3 a6 6. Bg5 e6 7. Bc4 Be7 8. Qd3
Qc7 9. Bb3 b5 10. a3 Bb7 11. Bxf6 Bxf6 12. Nde2 Nd7 13. O-O Ne5 14. Qg3 Nc4 15.
Bxc4 Qxc4 16. Qxd6 Bxe4 17. Nxe4 Qxe4 18. Nc3 Qb7 19. Qg3 Rc8 20. Rad1 O-O 21.
Rd3 Rc4 22. Re1 Rfc8 23. Ree3 b4 24. axb4 Qxb4 25. Nd1 Rxc2 26. Rb3 Qc4 27. Re1
Qc6 28. h3 Rc1 29. Qe3 h6 30. Rb6 Qa4 31. Qe2 a5 32. Nc3 Rxe1+ 33. Qxe1 Qf4 34.
Rb5 a4 35. Ra5 Qb4 36. Rb5 Bxc3 37. Qxc3 Qxc3 38. bxc3 Rxc3 39. Kf1 Rb3 40. Ra5
a3 41. Ke1 Rb1+ 42. Kd2 Rb2+ 43. Ke3 a2 44. h4 g6 45. g4 Kg7 46. f4 Rh2 47. Kf3
Kf8 48. Kg3 Rd2 49. Ra7 Ke8 50. Kf3 Rc2 51. g5 hxg5 52. hxg5 Rb2 53. Ke4 Kf8
54. Ke5 Kg7 55. Ke4 Rh2 56. Kf3 Kf8 57. Ke4 Rd2 58. Ke5 Rd5+ 59. Ke4 1/2-1/2

[Event "Remembrance Day op"]
[Site "Winnipeg CAN"]
[Date "2002.11.08"]
[Round "1.9"]
[White "Proulx, Roy"]
[Black "Anderson, George"]
[Result "1-0"]
[WhiteElo "1809"]
[BlackElo "1468"]
[PlyCount "75"]
[EventDate "2002.11.08"]
[EventType "swiss"]
[EventRounds "5"]
[EventCountry "CAN"]
[Source "ChessBase"]
[SourceDate "2003.11.25"]

1. e4 e6 2. d4 d5 3. e5 Bd7 4. Be3 Ne7 5. Bd3 Nbc6 6. c3 Ng6 7. Ne2 Be7 8. O-O
Bg5 9. f4 Bh6 10. g4 Rg8 11. g5 Qe7 12. Bxg6 Bxg5 13. Bxf7+ Qxf7 14. fxg5 Qe7
15. b4 O-O-O 16. a4 Be8 17. Ng3 h6 18. h4 hxg5 19. Bxg5 Qd7 20. Bxd8 Qxd8 21.
Qg4 Kb8 22. Nd2 Rh8 23. Nf3 Ne7 24. Ng5 Nf5 25. Nxe6 Qxh4 26. Qxh4 Nxh4 27. Rf8
Rxf8 28. Nxf8 Kc8 29. Rf1 Bxa4 30. Ra1 b5 31. Ne6 g6 32. Nc5 Nf3+ 33. Kf2 Nd2
34. Nxa4 bxa4 35. Rxa4 Nb1 36. Ne2 Kb7 37. Ke3 Kb6 38. Ra1 1-0

[Event "Remembrance Day op"]
[Site "Winnipeg CAN"]
[Date "2002.11.08"]
[Round "1.10"]
[White "Reimer, Bruce"]
[Black "Cowdrey, Eric"]
[Result "1/2-1/2"]
[WhiteElo "1318"]
[BlackElo "1800"]
[PlyCount "29"]
[EventDate "2002.11.08"]
[EventType "swiss"]
[EventRounds "5"]
[EventCountry "CAN"]
[Source "ChessBase"]
[SourceDate "2003.11.25"]

1. c4 e5 2. g3 Nf6 3. Bg2 Nc6 4. e4 Bc5 5. Ne2 d6 6. Nbc3 a6 7. d3 Bd7 8. O-O
Nd4 9. Nxd4 Bxd4 10. Qe2 Bg4 11. Bf3 Bh3 12. Bg2 Bg4 13. Bf3 Bh3 14. Bg2 Bg4
15. Bf3 1/2-1/2

[Event "Remembrance Day op"]
[Site "Winnipeg CAN"]
[Date "2002.11.08"]
[Round "1.11"]
[White "Greenberg, Harley"]
[Black "Gibbons, Lorne"]
[Result "1-0"]
[WhiteElo "1791"]
[BlackElo "1255"]
[PlyCount "33"]
[EventDate "2002.11.08"]
[EventType "swiss"]
[EventRounds "5"]
[EventCountry "CAN"]
[Source "ChessBase"]
[SourceDate "2003.11.25"]

1. d4 d5 2. c4 e6 3. Nf3 Nc6 4. g3 g6 5. Bg2 Bg7 6. cxd5 exd5 7. Nc3 Nge7 8.
O-O Be6 9. Ng5 Nxd4 10. e4 dxe4 11. Ncxe4 Bd5 12. Be3 Bc6 13. Nxf7 Kxf7 14.
Ng5+ Ke8 15. Bxd4 Qxd4 16. Bxc6+ Nxc6 17. Qb3 1-0

[Event "Remembrance Day op U2100"]
[Site "Toronto CAN"]
[Date "2002.11.09"]
[Round "2"]
[White "Cuevas, Vincent"]
[Black "Armstrong, Robert J"]
[Result "1-0"]
[WhiteElo "1749"]
[BlackElo "1710"]
[PlyCount "57"]
[EventDate "2002.11.08"]
[EventType "swiss"]
[EventRounds "5"]
[EventCountry "CAN"]

1. e4 g6 2. d4 Bg7 3. Nc3 d6 4. Be3 Nf6 5. Qd2 O-O 6. Bh6 Nc6 7. Nf3 e5 8. Bxg7
Kxg7 9. O-O-O Bg4 10. d5 Nd4 11. Be2 Nxe2+ 12. Qxe2 Qe7 13. h3 Bxf3 14. Qxf3 c5
15. g4 a6 16. Rdg1 b5 17. h4 b4 18. Nd1 c4 19. Ne3 Rfc8 20. h5 b3 21. hxg6 fxg6
22. g5 Nd7 23. Qh3 Kg8 24. Nf5 gxf5 25. g6 h5 26. Qxh5 Qg7 27. Qxf5 bxa2 28.
Qe6+ Kf8 29. Rh8+ 1-0

[Event "Remembrance Day op U2100"]
[Site "Toronto CAN"]
[Date "2002.11.09"]
[Round "2"]
[White "O'Neil, David"]
[Black "Dutton, Warren"]
[Result "0-1"]
[WhiteElo "1655"]
[BlackElo "1967"]
[PlyCount "65"]
[EventDate "2002.11.08"]
[EventType "swiss"]
[EventRounds "5"]
[EventCountry "CAN"]

1. c4 c5 2. Nc3 g6 3. Nf3 Nf6 4. g3 Bg7 5. Bg2 Nc6 6. d4 cxd4 7. Nxd4 O-O 8. c5
d5 9. cxd6 Qxd6 10. Nxc6 bxc6 11. Qxd6 exd6 12. Bxc6 Rb8 13. O-O Bh3 14. Rd1
Rb6 15. Bg2 Bxg2 16. Kxg2 Re8 17. Kf1 a6 18. Rb1 Rc8 19. Bd2 Rb7 20. h3 h6 21.
b3 Rbc7 22. Rdc1 d5 23. Na4 Ne4 24. Bf4 Rc2 25. Rxc2 Rxc2 26. f3 Nd2+ 27. Bxd2
Rxd2 28. Nc5 Rxa2 29. Nd3 a5 30. Ke1 Bc3+ 31. Kd1 Rd2+ 32. Ke1 Rb2+ 33. Kf1 0-1

[Event "Remembrance Day op U2100"]
[Site "Toronto CAN"]
[Date "2002.11.09"]
[Round "3"]
[White "Dutton, Warren"]
[Black "Henderson, Fred"]
[Result "1/2-1/2"]
[WhiteElo "1967"]
[BlackElo "1923"]
[PlyCount "151"]
[EventDate "2002.11.08"]
[EventType "swiss"]
[EventRounds "5"]
[EventCountry "CAN"]

1. d4 Nf6 2. c4 g6 3. Nc3 Bg7 4. e4 d6 5. Nf3 O-O 6. Be2 e5 7. O-O Nc6 8. d5
Ne7 9. Ne1 Nd7 10. Be3 f5 11. f3 f4 12. Bf2 g5 13. b4 b6 14. Kh1 Ng6 15. Nd3
Rf7 16. c5 Bf8 17. cxd6 cxd6 18. Rc1 h5 19. Nb5 Nf6 20. Qc2 Ne8 21. a4 a6 22.
Na3 Rb8 23. Nc4 Bd7 24. Rfd1 g4 25. a5 g3 26. hxg3 fxg3 27. Bxg3 Qg5 28. Bf2
Rg7 29. Qd2 Nf4 30. Bf1 Nxd3 31. Qxg5 Nxf2+ 32. Kg1 Nh3+ 33. gxh3 Rxg5+ 34. Kf2
bxa5 35. bxa5 h4 36. Nb6 Nf6 37. Rc7 Rg7 38. Bxa6 Bxh3 39. Rxg7+ Kxg7 40. Bb5
Nh5 41. Bc6 Be7 42. Rh1 Nf4 43. Rg1+ Kf7 44. Ke3 Bd8 45. Rb1 Bc8 46. Bb5 Bxb6+
47. axb6 Ke7 48. Bc6 Kd8 49. Kf2 Nd3+ 50. Ke3 Nc5 51. Rh1 h3 52. Rb1 Nd7 53. b7
Bxb7 54. Bxb7 Nc5 55. Rh1 Rxb7 56. Rxh3 Rb3+ 57. Ke2 Kc7 58. Rh6 Nd3 59. Kf1
Rb2 60. Kg1 Nf4 61. Kf1 Rg2 62. Rf6 Rg6 63. Rf8 Kd7 64. Rf7+ Ke8 65. Ra7 Kf8
66. Rh7 Rg7 67. Rh8+ Ke7 68. Rh6 Rg6 69. Rh8 Kf6 70. Rf8+ Kg5 71. Rh8 Rh6 72.
Rg8+ Kh4 73. Kf2 Rg6 74. Rh8+ Nh5 75. Rh7 Kg5 76. Rh8 1/2-1/2

[Event "Remembrance Day op U2100"]
[Site "Toronto CAN"]
[Date "2002.11.09"]
[Round "3"]
[White "Haziprodromu, Sam"]
[Black "Maister, Martin"]
[Result "1-0"]
[WhiteElo "1907"]
[BlackElo "1929"]
[PlyCount "83"]
[EventDate "2002.11.08"]
[EventType "swiss"]
[EventRounds "5"]
[EventCountry "CAN"]

1. e4 c5 2. d4 cxd4 3. c3 d3 4. c4 e6 5. Nc3 Nc6 6. Bxd3 Be7 7. Nf3 d6 8. O-O
Nf6 9. h3 O-O 10. Bf4 a6 11. Rc1 Qa5 12. Qe2 Rd8 13. Rfd1 Ne5 14. Bb1 Nxf3+ 15.
Qxf3 Qb4 16. b3 Bd7 17. Qe2 Bc6 18. Bh2 d5 19. cxd5 exd5 20. e5 Ne4 21. Nxe4
dxe4 22. Bf4 Rxd1+ 23. Qxd1 Rd8 24. Qg4 Qd4 25. Qg3 Ba3 26. Re1 Bb4 27. Rc1 Ba3
28. Bh6 g6 29. Rf1 Bb5 30. Re1 Bb4 31. Rxe4 Qd1+ 32. Kh2 Qxb1 33. Rxb4 Qe1 34.
Qf4 Rd1 35. Rd4 Qg1+ 36. Kg3 Bf1 37. Rxd1 Qxg2+ 38. Kh4 Qxh3+ 39. Kg5 Qh5+ 40.
Kf6 Qxd1 41. Ke7 f5 42. exf6 1-0

[Event "Remembrance Day op U2100"]
[Site "Toronto CAN"]
[Date "2002.11.10"]
[Round "4"]
[White "Dubeau, Jason"]
[Black "Haziprodromu, Sam"]
[Result "0-1"]
[WhiteElo "1910"]
[BlackElo "1907"]
[PlyCount "48"]
[EventDate "2002.11.08"]
[EventType "swiss"]
[EventRounds "5"]
[EventCountry "CAN"]

1. Nf3 Nf6 2. d4 e6 3. c4 b6 4. Nc3 Bb4 5. a3 Bxc3+ 6. bxc3 Bb7 7. Bg5 O-O 8.
e3 d6 9. Qc2 h6 10. h4 Nbd7 11. Bxf6 Qxf6 12. Bd3 Rfe8 13. O-O-O e5 14. dxe5
Nxe5 15. Nxe5 Rxe5 16. Rh2 Rae8 17. g4 Kf8 18. g5 hxg5 19. hxg5 Rxg5 20. Rh8+
Ke7 21. Rxe8+ Kxe8 22. Qa4+ Kd8 23. Kc2 Ra5 24. Qb3 Bc6 0-1

[Event "Renaissance "]
[Site "Granby CAN"]
[Date "2002.10.05"]
[Round "2"]
[White "Sauve, Richard"]
[Black "Dubois, Julien"]
[Result "0-1"]
[WhiteElo "1947"]
[BlackElo "1817"]
[PlyCount "94"]
[EventDate "2002.10.05"]
[EventType "swiss"]
[EventRounds "4"]
[EventCountry "CAN"]

1. d4 c5 2. d5 e5 3. c4 d6 4. e4 f5 5. exf5 Bxf5 6. Bd3 e4 7. Bc2 Nf6 8. Ne2
Nbd7 9. O-O Be7 10. Nbc3 Ne5 11. b3 Nd3 12. Ng3 Qd7 13. Ngxe4 Nxc1 14. Rxc1 O-O
15. Nxf6+ Bxf6 16. Bxf5 Qxf5 17. Qc2 Qh5 18. Nb5 Rf7 19. h3 Be5 20. Rcd1 a6 21.
Na3 Raf8 22. Qd2 Bd4 23. Kh1 Rxf2 24. Rxf2 Rxf2 25. Qe1 Qg6 26. g4 Qf7 27. Qe6
Rxa2 28. Rf1 Qxe6 29. dxe6 Re2 30. Rf7 Rxe6 31. Rxb7 Bb2 32. Nb5 axb5 33. cxb5
d5 34. b6 Be5 35. Kg2 d4 36. Kf3 Bd6 37. Rd7 Bf8 38. b7 Re3+ 39. Kf4 Rxb3 40.
Ke4 d3 41. Ke3 c4 42. Kd2 Bb4+ 43. Ke3 d2+ 44. Ke2 Ba5 45. Rd5 Rxb7 46. Rxa5 c3
47. Ra1 Re7+ 0-1

[Event "Renaissance "]
[Site "Granby CAN"]
[Date "2002.10.06"]
[Round "3"]
[White "Dubois, Julien"]
[Black "Papineau (Granby), Daniel"]
[Result "0-1"]
[WhiteElo "1817"]
[BlackElo "1862"]
[PlyCount "150"]
[EventDate "2002.10.05"]
[EventType "swiss"]
[EventRounds "4"]
[EventCountry "CAN"]

1. g4 e5 2. Bg2 Nc6 3. c4 g6 4. Nc3 Bg7 5. d3 d6 6. h3 Be6 7. a3 Qd7 8. Bd2
Nge7 9. b4 d5 10. b5 Nd8 11. c5 O-O 12. a4 f5 13. gxf5 gxf5 14. Bg5 e4 15. d4
f4 16. f3 e3 17. Bxe7 Qxe7 18. h4 Qf6 19. Rc1 Qg6 20. Kf1 Nf7 21. Bh3 Nh6 22.
Qd3 Bf5 23. Bxf5 Nxf5 24. Rh3 Rad8 25. Rh2 Kh8 26. Rg2 Qh6 27. Rg4 Nxh4 28. Na2
Rg8 29. Ke1 Bf6 30. Kd1 Rxg4 31. fxg4 Qg5 32. Nf3 Qxg4 33. Nxh4 Qxh4 34. Kc2
Qg5 35. Rh1 Qg7 36. Kc3 Re8 37. Nb4 Re4 38. Nxd5 Bxd4+ 39. Kc2 Re8 40. Nxf4 Ba1
41. Ng6+ Kg8 42. Qd5+ Qf7 43. Qxf7+ Kxf7 44. Nf4 Bg7 45. Rxh7 Kg8 46. Rh3 Re4
47. Nd3 Rxa4 48. Rxe3 Kf7 49. Kb3 Rh4 50. Rf3+ Ke8 51. Nf4 Be5 52. e3 Bxf4 53.
exf4 Ke7 54. Kc4 Kf6 55. Kd5 Rh5+ 56. f5 Rxf5+ 57. Rxf5+ Kxf5 58. c6 b6 59. Kd4
Ke6 60. Ke4 Kd6 61. Kd4 a6 62. bxa6 Kxc6 63. Kc4 b5+ 64. Kb4 Kb6 65. a7 c5+ 66.
Kc3 Kxa7 67. Kb3 Kb6 68. Kc3 Kc6 69. Kd3 Kd5 70. Kc3 Ke4 71. Kc2 Kd4 72. Kd2 b4
73. Kc2 Ke3 74. Kb3 Kd3 75. Kb2 c4 0-1

[Event "Renaissance "]
[Site "Granby CAN"]
[Date "2002.10.06"]
[Round "3"]
[White "Ouimet, Bernard"]
[Black "Godbout, Mathieu"]
[Result "1/2-1/2"]
[WhiteElo "2061"]
[BlackElo "1699"]
[PlyCount "62"]
[EventDate "2002.10.05"]
[EventType "swiss"]
[EventRounds "4"]
[EventCountry "CAN"]

1. e4 Nf6 2. Nc3 d6 3. d4 g6 4. f4 Bg7 5. Nf3 c6 6. Bd3 b5 7. O-O O-O 8. Kh1 a5
9. Be3 Bb7 10. a3 Na6 11. e5 Nd7 12. Ne4 dxe5 13. Nxe5 Nb6 14. c3 a4 15. Qe2
Nb8 16. Nc5 Bc8 17. Rae1 e6 18. Be4 Qe8 19. Qf3 Nd5 20. Bd2 f6 21. Ned3 Nd7 22.
Bxd5 Nxc5 23. Nxc5 cxd5 24. Re2 Qc6 25. Qg3 Ra7 26. Rfe1 Re8 27. Nd3 Rae7 28.
Qf3 Qc7 29. Qg3 Qc6 30. Qf3 Qc7 31. Qg3 Qc6 1/2-1/2

[Event "Renaissance "]
[Site "Granby CAN"]
[Date "2002.10.06"]
[Round "4"]
[White "Sauve, Richard"]
[Black "Godbout, Mathieu"]
[Result "1-0"]
[WhiteElo "1947"]
[BlackElo "1699"]
[PlyCount "87"]
[EventDate "2002.10.05"]
[EventType "swiss"]
[EventRounds "4"]
[EventCountry "CAN"]

1. d4 f5 2. g3 Nf6 3. Bg2 d5 4. Nf3 c6 5. O-O g6 6. c4 Bg7 7. Nc3 O-O 8. Bf4
Ne4 9. Rc1 e6 10. h4 Nd7 11. Ne5 Nxe5 12. Bxe5 Bxe5 13. dxe5 Nxc3 14. Rxc3 f4
15. Rf3 fxg3 16. fxg3 Rxf3 17. Rxf3 Bd7 18. c5 Qe7 19. b4 a5 20. Qa4 Ra6 21. a3
axb4 22. Qxb4 b6 23. cxb6 Qxb4 24. axb4 Rxb6 25. Rf4 Rb8 26. Kf2 Bc8 27. Bh3
Bd7 28. g4 g5 29. hxg5 Kg7 30. Ke1 Rc8 31. Kf2 c5 32. bxc5 Rxc5 33. Rb4 Rc7 34.
Kg3 Kg6 35. Kh4 Rc4 36. Rb7 Be8 37. Bg2 Rc3 38. Rb6 Bf7 39. Bxd5 Re3 40. Bxe6
Rxe5 41. Bf5+ Kg7 42. e4 Ra5 43. Rb7 Ra3 44. Be6 1-0

[Event "Renfrew op"]
[Site "Renfrew CAN"]
[Date "2002.08.24"]
[Round "3"]
[White "Nickoloff, Bryon"]
[Black "De Kerpel, Stijn"]
[Result "1-0"]
[WhiteElo "2468"]
[BlackElo "2184"]
[PlyCount "65"]
[EventDate "2002.08.24"]
[EventType "swiss"]
[EventRounds "5"]
[EventCountry "CAN"]

1. d4 d5 2. c4 Nc6 3. Nf3 Bg4 4. Nc3 e6 5. e3 Nf6 6. a3 Be7 7. h3 Bh5 8. cxd5
exd5 9. g4 Bg6 10. Nh4 Be4 11. Rg1 Nd7 12. Nf5 O-O 13. Nxe4 dxe4 14. Ng3 Bh4
15. Nxe4 Re8 16. Ng3 Bxg3 17. Rxg3 Nb6 18. Be2 Qd6 19. Kf1 Rad8 20. Qc2 Re6 21.
Bd2 Rde8 22. Bf3 Nd5 23. Qc5 Qxc5 24. dxc5 Rd8 25. Be1 Ne5 26. Be4 Nf6 27. Bf5
Rc6 28. b4 b6 29. Bc3 Re8 30. Bd4 Nfd7 31. f4 g6 32. Be4 bxc5 33. fxe5 1-0

[Event "Rimouski op"]
[Site "Rimouski CAN"]
[Date "2002.05.18"]
[Round "2"]
[White "Laberge, Jean-Denis"]
[Black "Boudreau, Daniel"]
[Result "1/2-1/2"]
[WhiteElo "1563"]
[BlackElo "2065"]
[PlyCount "89"]
[EventDate "2002.05.17"]
[EventType "swiss"]
[EventRounds "5"]
[EventCountry "CAN"]

1. d4 Nf6 2. c4 e6 3. Nf3 c5 4. e3 b6 5. Bd3 Bb7 6. Nc3 cxd4 7. exd4 Bb4 8. a3
Bxc3+ 9. bxc3 h6 10. h4 Qc7 11. g3 Qc6 12. d5 exd5 13. Nd4 Qc5 14. Qe2+ Qe7 15.
Qxe7+ Kxe7 16. Nf5+ Kf8 17. O-O Ba6 18. Bf4 Nc6 19. Bd6+ Kg8 20. Ne3 Na5 21.
Nf5 g6 22. Be5 gxf5 23. Bxf6 Bxc4 24. Bxc4 dxc4 25. Bxh8 Kxh8 26. Rad1 Rd8 27.
Rd6 Kg7 28. Rfd1 Re8 29. Rxd7 f4 30. Rxa7 fxg3 31. Rdd7 gxf2+ 32. Kxf2 Re4 33.
Rxf7+ Kg6 34. Kg3 Nc6 35. Rab7 Ne5 36. Rfe7 Kf5 37. Rxb6 Re3+ 38. Kg2 Rxc3 39.
Rxh6 Rc2+ 40. Kf1 Ng4 41. Rc6 Kf4 42. Rc8 Ne3+ 43. Ke1 Rc1+ 44. Kd2 Rc2+ 45.
Ke1 1/2-1/2

[Event "Rimouski op"]
[Site "Rimouski CAN"]
[Date "2002.05.18"]
[Round "3"]
[White "Audet-Bouchard, Nicolas"]
[Black "Proulx, Denis"]
[Result "0-1"]
[WhiteElo "1997"]
[BlackElo "1800"]
[PlyCount "52"]
[EventDate "2002.05.17"]
[EventType "swiss"]
[EventRounds "5"]
[EventCountry "CAN"]

1. e4 c5 2. Nf3 d6 3. d4 cxd4 4. Nxd4 Nf6 5. Nc3 a6 6. Be2 e6 7. Be3 Be7 8. O-O
O-O 9. a4 Qc7 10. g4 Nc6 11. g5 Nxd4 12. Bxd4 Nd7 13. f4 b6 14. Qe1 Bb7 15. Be3
Nc5 16. Bf3 Rac8 17. Bg2 f5 18. gxf6 Bxf6 19. Ra3 Bc6 20. Qg3 Qb7 21. Qg4 Rce8
22. f5 exf5 23. Rxf5 Nxe4 24. Bf4 Bd4+ 25. Kf1 Rxf5 26. Qxf5 Nd2+ 0-1

[Event "Rimouski op"]
[Site "Rimouski CAN"]
[Date "2002.05.18"]
[Round "3"]
[White "Chevalier, Francois"]
[Black "Sauve, Richard"]
[Result "1-0"]
[WhiteElo "1684"]
[BlackElo "1973"]
[PlyCount "89"]
[EventDate "2002.05.17"]
[EventType "swiss"]
[EventRounds "5"]
[EventCountry "CAN"]

1. e4 e6 2. d4 d5 3. e5 c5 4. c3 Qb6 5. Nf3 Nc6 6. a3 Nh6 7. b4 cxd4 8. cxd4
Nf5 9. Be3 f6 10. exf6 gxf6 11. Nc3 Bd7 12. Bd3 Nxe3 13. fxe3 Bg7 14. O-O O-O
15. Qe1 f5 16. Qh4 Qd8 17. Qxd8 Raxd8 18. g3 Bh6 19. Kf2 Rc8 20. Rac1 a6 21.
Ne2 Rce8 22. Nf4 Kh8 23. Rc2 e5 24. dxe5 Nxe5 25. Nxe5 Rxe5 26. Rc7 Bb5 27.
Bxb5 axb5 28. Rfc1 Rfe8 29. R1c3 Bxf4 30. gxf4 d4 31. fxe5 dxc3 32. Rxc3 Kg7
33. Rc5 Ra8 34. Rxb5 Rxa3 35. Rxb7+ Kg6 36. b5 Ra2+ 37. Kg3 Re2 38. Kf3 Rxh2
39. b6 Rh3+ 40. Kf2 Rh2+ 41. Kg3 Rb2 42. Rb8 Rb3 43. Kf3 h5 44. b7 Kg7 45. e6
1-0

[Event "Rimouski op"]
[Site "Rimouski CAN"]
[Date "2002.05.19"]
[Round "4"]
[White "Pelletier, Marc-Antoine"]
[Black "Beauchesne, Christian"]
[Result "0-1"]
[WhiteElo "1224"]
[BlackElo "1041"]
[PlyCount "40"]
[EventDate "2002.05.17"]
[EventType "swiss"]
[EventRounds "5"]
[EventCountry "CAN"]

1. e4 e5 2. Nf3 Nc6 3. Bc4 Nf6 4. d3 d5 5. exd5 Nxd5 6. Nc3 Nxc3 7. bxc3 Bg4 8.
h3 Bh5 9. d4 e4 10. d5 Ne5 11. g4 Nxf3+ 12. Ke2 Bg6 13. Kf1 c6 14. Kg2 Qf6 15.
dxc6 bxc6 16. Rb1 Bc5 17. Bf4 Qxf4 18. Rb7 O-O 19. Qd7 Nh4+ 20. Kf1 Qxf2# 0-1

[Event "Rimouski op"]
[Site "Rimouski CAN"]
[Date "2002.05.19"]
[Round "4"]
[White "Proulx, Denis"]
[Black "Chevalier, Francois"]
[Result "1/2-1/2"]
[WhiteElo "1800"]
[BlackElo "1684"]
[PlyCount "88"]
[EventDate "2002.05.17"]
[EventType "swiss"]
[EventRounds "5"]
[EventCountry "CAN"]

1. e4 d6 2. d4 Nf6 3. Nc3 g6 4. Bc4 Bg7 5. Be3 O-O 6. f3 c6 7. Qd2 d5 8. Bb3
dxe4 9. fxe4 Ng4 10. O-O-O Nxe3 11. Qxe3 Nd7 12. g4 Nf6 13. h3 a5 14. a4 Qc7
15. e5 Ne8 16. Nf3 h6 17. Nh4 e6 18. Ne4 Qe7 19. Qg3 Kh7 20. Rhf1 b6 21. c3 Ba6
22. Rf2 b5 23. Nc5 Nc7 24. Bc2 bxa4 25. Nxa6 Rxa6 26. Bxa4 Rb6 27. Rdf1 Nd5 28.
Ng2 Kg8 29. h4 c5 30. Rd1 cxd4 31. Rxd4 Qc7 32. Re4 Rd8 33. g5 h5 34. Ne1 Rb4
35. Rfe2 Rxe4 36. Rxe4 Nb6 37. Bb3 Qc6 38. Qe3 Bf8 39. Nd3 a4 40. Bd1 a3 41.
Bb3 axb2+ 42. Kxb2 Nd5 43. Qd4 Nxc3 44. Qxd8 Nxe4 1/2-1/2

[Event "Rock-Lacroix op"]
[Site "Edmonton CAN"]
[Date "2002.08.16"]
[Round "1"]
[White "Asquith, Tom"]
[Black "Ottosen, David"]
[Result "0-1"]
[WhiteElo "1671"]
[BlackElo "2062"]
[PlyCount "62"]
[EventDate "2002.08.16"]
[EventType "swiss"]
[EventRounds "5"]
[EventCountry "CAN"]

1. d4 d5 2. c4 c6 3. Nc3 Nf6 4. Nf3 e6 5. Bg5 dxc4 6. e4 b5 7. e5 h6 8. Bh4 g5
9. Nxg5 hxg5 10. Bxg5 Nbd7 11. Qf3 Qb6 12. exf6 Bb7 13. Qe3 O-O-O 14. Be2 c5
15. Rd1 cxd4 16. Qxd4 Bc5 17. Qf4 Bxg2 18. Rg1 Bc6 19. Rg4 Rh5 20. Bh4 Rf5 21.
Qg3 Bxf2+ 22. Qxf2 Rxf2 23. Bxf2 Qa5 24. Rg5 Qb4 25. Rd2 Nxf6 26. Rxd8+ Kxd8
27. Bd4 Ne4 28. Rh5 Qxb2 29. Rh8+ Kd7 30. Rh3 Qd2+ 31. Kf1 Qxd4 0-1

[Event "Rock-Lacroix op"]
[Site "Edmonton CAN"]
[Date "2002.08.17"]
[Round "2"]
[White "Ottosen, David"]
[Black "Kazmaier, Daniel"]
[Result "0-1"]
[WhiteElo "2062"]
[BlackElo "1722"]
[PlyCount "82"]
[EventDate "2002.08.16"]
[EventType "swiss"]
[EventRounds "5"]
[EventCountry "CAN"]

1. e4 e6 2. d4 d5 3. Nc3 Nf6 4. e5 Nfd7 5. f4 c5 6. Nf3 Nc6 7. Be3 b6 8. Qd2
Bb7 9. O-O-O Qc7 10. f5 O-O-O 11. Ng5 cxd4 12. Bxd4 Nxd4 13. Qxd4 Bc5 14. Qd2
Nxe5 15. fxe6 f6 16. Nb5 Qe7 17. Qf4 a6 18. Nf7 axb5 19. Nxh8 Rxh8 20. Bxb5
Qxe6 21. Rhe1 Qg4 22. Qf1 Rd8 23. Ba6 Qa4 24. Bxb7+ Kxb7 25. a3 Bxa3 26. Rxe5
fxe5 27. bxa3 Qxa3+ 28. Kb1 Qb4+ 29. Kc1 Qf4+ 30. Qxf4 exf4 31. Kd2 Re8 32. Kd3
Kc6 33. Ra1 Re3+ 34. Kd2 h5 35. Ra7 g5 36. Rh7 h4 37. Rg7 Re5 38. h3 Kc5 39.
Kd3 Re3+ 40. Kd2 Rg3 41. Rc7+ Kd6 0-1

[Event "Rock-Lacroix op"]
[Site "Edmonton CAN"]
[Date "2002.08.17"]
[Round "3"]
[White "Gagnon, Josh"]
[Black "Ottosen, David"]
[Result "0-1"]
[WhiteElo "1409"]
[BlackElo "2062"]
[PlyCount "78"]
[EventDate "2002.08.16"]
[EventType "swiss"]
[EventRounds "5"]
[EventCountry "CAN"]

1. e4 c5 2. Nf3 d6 3. Nc3 Nf6 4. Bb5+ Nc6 5. d4 cxd4 6. Nxd4 Bd7 7. Be3 g6 8.
Qd2 Bg7 9. Nxc6 bxc6 10. Be2 O-O 11. Bh6 Qb6 12. Bxg7 Kxg7 13. b3 Be6 14. O-O
Rfd8 15. Rad1 Rac8 16. Qd4 Qa5 17. f4 d5 18. e5 Nd7 19. Nb1 Qxa2 20. Nd2 Qxc2
21. Rc1 c5 22. Rxc2 cxd4 23. Rfc1 Nb6 24. Rxc8 Rxc8 25. Rxc8 Bxc8 26. Nf3 Bg4
27. Nxd4 Bxe2 28. Nxe2 a5 29. Kf2 Nd7 30. Ke3 g5 31. Nd4 gxf4+ 32. Kxf4 Nc5 33.
h4 Nd3+ 34. Ke3 Nxe5 35. Kd2 Kf6 36. g4 Nxg4 37. Nc6 Ke6 38. Nxa5 Kd6 39. b4 f5
0-1

[Event "Rock-Lacroix op"]
[Site "Edmonton CAN"]
[Date "2002.08.18"]
[Round "4"]
[White "Ottosen, David"]
[Black "Hudson, Richard"]
[Result "0-1"]
[WhiteElo "2062"]
[BlackElo "1700"]
[PlyCount "110"]
[EventDate "2002.08.16"]
[EventType "swiss"]
[EventRounds "5"]
[EventCountry "CAN"]

1. d4 Nf6 2. Bg5 g6 3. Bxf6 exf6 4. e3 Bg7 5. Bd3 O-O 6. Nd2 Nc6 7. h4 d6 8. h5
Re8 9. c3 Ne7 10. Qc2 Bg4 11. f3 Bxh5 12. g4 Nd5 13. Nf1 Bxg4 14. fxg4 Nxe3 15.
Nxe3 Rxe3+ 16. Ne2 Qd7 17. Rh4 Rae8 18. O-O-O Qe6 19. d5 Qxd5 20. Bxg6 Qg5 21.
Bxh7+ Kf8 22. Rh5 Rxe2+ 23. Rxg5 Rxc2+ 24. Kxc2 fxg5 25. Kd3 Re5 26. c4 Ra5 27.
a3 Bxb2 28. Rb1 Bxa3 29. Rxb7 c6 30. Rc7 Ra6 31. Be4 Bc5 32. Bxc6 Ra3+ 33. Ke4
Re3+ 34. Kf5 Re5+ 35. Kf6 Bd4 36. Rxf7+ Kg8 37. Rg7+ Kh8 38. Rxg5 Rc5+ 39. Kg6
Rxc6 40. Rd5 Bb6 41. Kf7 Rc7+ 42. Kf6 Rxc4 43. g5 Bd4+ 44. Ke6 Be5 45. g6 Kg7
46. Ra5 Rc7 47. Kf5 Bd4 48. Ra4 Bc5 49. Rh4 Kg8 50. Kf6 a5 51. Re4 d5 52. Re8+
Bf8 53. Ra8 d4 54. Rxa5 d3 55. Rd5 Rc6+ 0-1

[Event "Rock-Lacroix op"]
[Site "Edmonton CAN"]
[Date "2002.08.18"]
[Round "5"]
[White "Lacroix, Peter"]
[Black "Ottosen, David"]
[Result "0-1"]
[WhiteElo "1650"]
[BlackElo "2062"]
[PlyCount "62"]
[EventDate "2002.08.16"]
[EventType "swiss"]
[EventRounds "5"]
[EventCountry "CAN"]

1. e4 c5 2. d4 g6 3. Nf3 Bg7 4. Bc4 cxd4 5. c3 Qc7 6. Qe2 Nc6 7. O-O d6 8. Rd1
Nf6 9. cxd4 O-O 10. Nc3 Bg4 11. h3 Bxf3 12. Qxf3 e5 13. d5 Nd4 14. Qd3 a6 15.
a4 Rac8 16. Ba2 Nd7 17. Be3 Nc5 18. Qf1 Nc2 19. Rac1 Nxe3 20. fxe3 Qb6 21. Qe2
Bh6 22. a5 Qb4 23. Re1 Qxa5 24. Ra1 Qb4 25. Bb1 Rc7 26. Na2 Qb6 27. Nc3 Nb3 28.
Ra3 Rfc8 29. Bc2 Nc1 30. Qd2 Qxb2 31. Qxc1 Qxc1 0-1